Educación transformadora 3: Una guía para facilitadores de la comunidad

Este volumen trata del análisis social necesario para desarrollar una conciencia crítica, de la planificación a largo plazo, y de los pasos necesarios para desarrollar la solidaridad en los movimientos de los pueblos.

Uloženo v:
Podrobná bibliografie
Hlavní autor: Hope, A.
Další autoři: Timmel, S., Hodzi, C.
Médium: Kniha
Jazyk:Spanish
Vydáno: Ciudad de Guatemala: Ediciones Semilla/Clara, 1992
Edice:Educación transformadora
Témata:
On-line přístup:Enlace del recurso
Tagy: Přidat tag
Žádné tagy, Buďte první, kdo vytvoří štítek k tomuto záznamu!

MARC

LEADER 00000nam a2200000 a 4500
001 001263
008 030829s1992 gt a fr# #000|0#spa#d
041 0 |a spa 
043 |a ncgt-- 
082 0 4 |a 374.1  |b H562eu 
100 1 |a Hope, A. 
245 1 0 |a Educación transformadora 3:  |b Una guía para facilitadores de la comunidad   |c A. Hope; S. Timmel; C. Hodzi 
260 |a Ciudad de Guatemala:  |b Ediciones Semilla/Clara,  |c 1992 
300 |a 181 p.:  |b il., tabl., gráf. 
440 0 |a Educación transformadora 
520 3 |a Este volumen trata del análisis social necesario para desarrollar una conciencia crítica, de la planificación a largo plazo, y de los pasos necesarios para desarrollar la solidaridad en los movimientos de los pueblos. 
534 |p Título original:  |t Training for transformation : a handbook for community workers. 
650 1 4 |a EDUCACIÓN DE ADULTOS 
650 1 4 |a DESARROLLO DE LA COMUNIDAD 
700 1 |a Timmel, S. 
700 1 |a Hodzi, C. 
999 |c 3415  |d 3415 
856 |u https://catalogo.idep.edu.co/cgi-bin/koha/opac-detail.pl?biblionumber=3415  |z Enlace del recurso